Devinez le titre - années 2010 - Statistiques

Statistiques générales
  • Ce quiz a été pris 846 fois
  • Le résultat moyen est 9 sur 15
Statistiques - réponses
Hint Réponse % Correct
Laisse moi kiffer la vibe avec mon mec.... DJ
86%
Hello papi mais qué pasa ? J'entends des bails atroces sur moi.... Djadja
79%
Oh ma douce souffrance, pourquoi s'acharner tu recommences... Dernière danse
77%
T'es rentrée dans ma vie comme dans un frestyle.... Chocolat
73%
On sèche les cours, la flemme marque le quotidien... On verra
70%
Tout à l'heure, j'roulais sur mon scooter dans Paris... Garçon
66%
On casse ta porte c'est la Gestapo, j'vais t'retrouver Meugui Columbo.... Sapés comme jamais
65%
Les gens les plus intelligents sont pas toujours ceux qui parlent le mieux... Basique
63%
Elle n'a que 16 ans, elle veut déjà se marier... Bazardée
57%
Cette façon qu'elle a de te regarder, c'est quoi cette manière de t'appeler bébé ?... C'est chelou
55%
J'ai pas le style, pourtant pas hostile, mais c'est pas pour moi le costard uniforme... On s'attache
54%
Réveil matin 15h j'me réveille comme une fleur, marguerite dans le macadam a besoin d'un doliprane... Désolé pour hier soir
46%
Comme si je n'existais pas, elle est passée à côté de moi... Aicha
42%
Un matin suspendu, une fleur de ton jardin,... Rayon de soleil
32%
Tous les enfants de ma cité et même d'ailleurs... Tomber la chemise
27%
Aucun quiz correspondant
Distribution des résultats
% des personnes avec chaque résultat
Percentile par nombre de réponses
Votre historique - résultats
Vous n’avez pas pris ce quiz